LEADER 01194nam a2200253 i 4500 001 000000038945 003 CaOOAMICUS 005 20250728094839.0 008 100422n it u000 u ita u 013 $a9565 020 $a88-399-0093-4 040 $aSeMil$bita 100 1 $aZulehner, Paul Michael,$d<1939- >.$0(OLS)http://semarc/name/9698 240 10$aPastoraltheologie :$bKirchen zwischen Auftrag und Erwartung.$0(OLS)http://semarc/title/55210 245 10$a1: Pastorale fondamentale :$bla chiesa fra compito e attesa /$cPaul M. Zulehner ; con la collaborazione di Johannes Haas ... [et al.] ; edizione italiana a cura di Bruno Seveso. 300 $a358 p. 700 1 $aHaas, Johannes.$0(OLS)http://semarc/name/18791 773 0 $aZulehner, Paul Michael <1939- >$tTeologia pastorale.$dBrescia : Queriniana, 1992.$g1$w()21673 850 $aSeMil 852 $aSeMil$W1$xVenegono$y1$m2F III 184$j5100$B5100$CSeMilBibl$Z2$F5100 $81 961 $aAcquisto: Casa editrice 996 $6020$a88-399-0093-4$9(OLS)http://semarc/number/8428 996 $6245$a1: Pastorale fondamentale :$bla chiesa fra compito e attesa$9(OLS)http://semarc/title/55209 LEADER 01447nam a2200253 i 4500 001 000000055621 003 CaOOAMICUS 005 20260519092309.0 008 140203s1942 it u000 u ita u 013 $a26793 040 $aSeMil$bita 245 13$aLa Compagnia di Gesł e le scienze sacre :$bconferenze commemorative del quarto centenario dalla fondazione della compagnia di Gesł tenute alla Pontificia Universitą Gregoriana 5-11 novembre 1941. 260 $aRomae :$bApud Aedes Universitatis Gregorianae,$c1942. 300 $a268 p. ;$c24 cm. 490 0 $aAnalecta Gregoriana ;$vVol.29. Series Facultatis Theologiae. Sectio A, n. 3 490 0 $aAnalecta gregoriana. Series Facultatis Theologiae. Sectio A ;$v3 650 4$aGesuiti - Storia.$0(OLS)http://semarc/subject/4681 830 0$aAnalecta Gregoriana ;$v29.$0(OLS)http://semarc/title/9 830 0$aAnalecta gregoriana. Series Facultatis Theologiae. Sectio A ;$v3.$0(OLS)http://semarc/title/5836 850 $aSeMil 852 $aSeMil$W1$xVenegono$y1$m2N V 129$j21775$B21775$CSeMilBibl$Z2$F21777 $81 996 $6245$aLa Compagnia di Gesł e le scienze sacre :$bconferenze commemorative del quarto centenario dalla fondazione della compagnia di Gesł tenute alla Pontificia Universitą Gregoriana 5-11 novembre 1941$9(OLS)http://semarc/title/86284 996 $6260$aRomae :$bApud Aedes Universitatis Gregorianae$9(OLS)http://semarc/publisher/30266